Joseph Chen
Richard Montgomery A
Categories
Science - Chemistry | 3 | 5 | 0 | 0 | 95 | 47 | 76.50 | 0 | 0 |
Science - Biology | 3 | 4 | 0 | 0 | 85 | 56 | 68.14 | 0 | 1 |
Science - Physics | 0 | 6 | 0 | 0 | 60 | 59 | 82.00 | 1 | 1 |
Fine Arts - Music | 1 | 4 | 0 | 0 | 55 | 48 | 77.80 | 1 | 1 |
History - American | 1 | 0 | 0 | 0 | 15 | 19 | 19.00 | 0 | 1 |
Literature - World and Miscellaneous | 1 | 0 | 0 | 0 | 15 | 44 | 44.00 | 1 | 1 |
Fine Arts - Miscellaneous | 0 | 1 | 0 | 0 | 10 | 109 | 109.00 | 0 | 0 |
Science - Engineering and Miscellaneous | 0 | 1 | 0 | 0 | 10 | 64 | 64.00 | 0 | 0 |
RMP - Philosophy | 0 | 0 | 0 | 0 | 0 | 0.00 | 0 | 0 | |
Science - Earth | 0 | 0 | 0 | 0 | 0 | 0.00 | 0 | 0 | |
History - European | 0 | 0 | 0 | 0 | 0 | 0.00 | 0 | 0 | |
Science - Math | 0 | 0 | 0 | 0 | 0 | 0.00 | 0 | 0 | |
RMP - World Mythology | 0 | 0 | 0 | 0 | 0 | 0.00 | 0 | 0 |